Fertilizer = Engrais = Fertilizantes

שמור ב:
מידע ביבליוגרפי
מחבר תאגידי: FAO
פורמט: ספר
שפה:Undetermined
יצא לאור: Rome, Italy FAO 2003
נושאים:
תגים: הוספת תג
אין תגיות, היה/י הראשונ/ה לתייג את הרשומה!
Thư viện lưu trữ: Trung tâm Học liệu Trường Đại học Cần Thơ
LEADER 00507nam a2200205Ia 4500
001 CTU_69350
008 210402s9999 xx 000 0 und d
082 |a 338.162 
082 |b F218 
110 |a FAO 
245 0 |a Fertilizer = 
245 0 |b Engrais = Fertilizantes 
245 0 |c FAO 
260 |a Rome, Italy 
260 |b FAO 
260 |c 2003 
650 |a Agriculture,Fertilizer 
650 |x Economic aspects 
904 |i Minh, Năm 
980 |a Trung tâm Học liệu Trường Đại học Cần Thơ